000 00724nam a2200169 i 4500
001 184059
003 ES-MaACL
005 20230906222036.0
008 150303s1971 sp |||| | spa d
245 0 0 _aOrdenadores en la escuela secundaría
_b: informe sobre una experiencia.
260 _aMadrid :
_bCentro de Cálculo de la Universidad de Madrid,
_c1971.
300 _a204, 68 p. :
_bil. ;
_c24 cm.
650 4 _aEnseñanza asistida por ordenador.
_912300
650 0 4 _aInformática-
_xEnseñanza secundaria.
_913763
710 2 _aUniversidad Complutense de Madrid.
_bCentro de Cálculo.
_9156458
852 _aES-MaACL
_jL-865
_z. - Donat. Ernesto García Camarero
_z. - Dedicatoria autógrafa de Ernesto García Camarero
999 _c184059
_d184059